|
|
|
|
| LEADER |
00798nam a22001817a 4500 |
| 082 |
|
|
|a 894M1
|b SAN/P J4
|
| 100 |
|
|
|a ജി ശങ്കരക്കുറുപ്പു്
|9 152665
|
| 100 |
|
|
|a G Sankara Kurup
|9 152666
|
| 240 |
|
|
|a Pathikante pattu
|
| 245 |
|
|
|a പഥികന്റെ പാട്ട്
|
| 250 |
|
|
|a 2nd / 1st (1951)
|
| 260 |
|
|
|a Trichur;
|b The Mangalodayam Ltd;
|c 1954
|
| 300 |
|
|
|a 77p.
|
| 650 |
|
|
|a മലയാളം; മലയാളസാഹിത്യം; മലയാളം കവിതകള്
|9 152667
|
| 650 |
|
|
|a Malayalam; Malayalam Literature; Malayalam Poetry
|9 152668
|
| 942 |
|
|
|c BK
|
| 999 |
|
|
|c 40071
|d 40071
|
| 952 |
|
|
|0 0
|1 0
|4 0
|6 894_000000000000000_M1_SAN_P_J4
|7 0
|8 POE
|9 45647
|a MAL
|b MAL
|d 2015-06-30
|e 4733
|g 1.25
|l 0
|o 894.M1 SAN/P J4
|p MAL004733
|r 2015-06-30
|t 1
|w 2015-06-30
|y BK
|